000 00329nam a22001457a 4500
008 230622b ||||| |||| 00| 0 eng d
020 _a9781591474852
041 _aeng
080 _a159.9
082 _a159.9CEC
100 _a25
101 _aPSI
245 _aWHY AREN'T MORE WOMEN IN SCIENCE
_cCECI .J .S
942 _2udc
_cBK
999 _c60031
_d60031